[Event "Mondiale Lampo FIDE 2024"]
[Site "New York"]
[Date "31.15.08"]
[Round "1.4"]
[White "So, Wesley"]
[Black "Corrales Jimenez, Fidel"]
[Result "1-0"]
[WhiteElo "2747"]
[BlackElo "2555"]
[PlyCount "67"]
[EventDate "31.15.08"]

1. d4 Nf6 2. Nc3 d5 3. Bf4 g6 4. e3 Bg7 5. h4 c6 6. Be2 h5 7. Nf3 Bf5 8. Ne5
Nbd7 9. f3 Rc8 10. Qd2 a6 11. O-O-O b5 12. Nxd7 Nxd7 13. e4 Be6 14. Be3 Qa5 15.
a3 Nb6 16. Kb1 Nc4 17. Bxc4 bxc4 18. Rhe1 Rb8 19. Ka1 Rb7 20. exd5 cxd5 21. Bf4
O-O 22. Re3 Rc8 23. Ne2 Qb6 24. Qc3 f6 25. Re1 Bf7 26. g4 hxg4 27. fxg4 Re8 28.
g5 e5 29. gxf6 exd4 30. Rxe8+ Bxe8 31. Nxd4 Qxf6 32. Be5 Qf7 33. Bxg7 Kxg7 34.
Nf5+ 1-0

[Event "Mondiale Lampo FIDE 2024"]
[Site "New York"]
[Date "31.15.08"]
[Round "2.4"]
[White "Fressinet, Laurent"]
[Black "So, Wesley"]
[Result "0-1"]
[WhiteElo "2588"]
[BlackElo "2747"]
[PlyCount "100"]
[EventDate "31.15.08"]

1. Nf3 d5 2. e3 c5 3. b3 a6 4. Bb2 Nc6 5. d4 Nf6 6. Be2 Bf5 7. O-O e6 8. c4
dxc4 9. bxc4 Be7 10. Nbd2 O-O 11. dxc5 Bxc5 12. Nb3 Be7 13. c5 Rc8 14. Nfd4 Be4
15. Bf3 Qd5 16. Rc1 Ne5 17. Bxe4 Qxe4 18. Nd2 Qd5 19. N2b3 Bxc5 20. Nxe6 fxe6
21. Qxd5 exd5 22. Nxc5 Nc4 23. Bxf6 Rxf6 24. Nxb7 Rfc6 25. Rfd1 R6c7 26. Rb1
Rb8 27. Rxd5 Rcxb7 28. Rxb7 Rxb7 29. h4 Rb1+ 30. Kh2 Rb2 31. Rc5 Nd6 32. Rc6
Ne4 33. f3 Nd2 34. Rxa6 Nf1+ 35. Kh3 Nxe3 36. g4 h6 37. Kg3 Kh7 38. a4 Nf1+ 39.
Kf4 Rb4+ 40. Kf5 Nh2 41. g5 hxg5 42. hxg5 Nxf3 43. Ra8 g6+ 44. Kf6 Rf4+ 45. Ke7
Nxg5 46. a5 Rf7+ 47. Kd6 Ne4+ 48. Kd5 Nc3+ 49. Ke6 Rg7 50. a6 Nb5 0-1

[Event "Mondiale Lampo FIDE 2024"]
[Site "New York"]
[Date "31.15.08"]
[Round "3.4"]
[White "So, Wesley"]
[Black "Esipenko, Andrey"]
[Result "1-0"]
[WhiteElo "2747"]
[BlackElo "2682"]
[PlyCount "89"]
[EventDate "31.15.08"]

1. e4 e5 2. Nf3 Nc6 3. Nc3 Nf6 4. h3 Bb4 5. a3 Bxc3 6. dxc3 d6 7. Bd3 Ne7 8.
Qe2 Ng6 9. g3 Bd7 10. c4 Bc6 11. Bd2 Nf8 12. b4 b6 13. Nh4 Ne6 14. c3 g6 15.
O-O Qe7 16. Ng2 Nh5 17. Kh2 O-O 18. Bc2 Nhg7 19. Ne3 f5 20. exf5 gxf5 21. Nd5
Qf7 22. f4 e4 23. g4 Rae8 24. g5 Kh8 25. Be3 Bb7 26. a4 a5 27. Rfd1 Ra8 28. Qf2
Nh5 29. Rab1 Bc6 30. Ra1 Qg7 31. Ra3 h6 32. Nxb6 hxg5 33. Nxa8 gxf4 34. Nxc7
fxe3 35. Qh4 Nef4 36. Rg1 Qe5 37. Kh1 e2 38. Nd5 e3 39. Raa1 Bxd5+ 40. cxd5
Qxc3 41. Bxf5 Rxf5 42. Qd8+ Kh7 43. Qd7+ Kh6 44. Qxf5 Qd4 45. bxa5 1-0

[Event "Mondiale Lampo FIDE 2024"]
[Site "New York"]
[Date "31.15.08"]
[Round "4.3"]
[White "Shankland, Sam"]
[Black "So, Wesley"]
[Result "1-0"]
[WhiteElo "2672"]
[BlackElo "2747"]
[PlyCount "165"]
[EventDate "31.15.08"]

1. Nf3 d5 2. g3 c5 3. Bg2 Nc6 4. d4 e6 5. O-O cxd4 6. Nxd4 Nge7 7. c4 Nxd4 8.
Qxd4 Nc6 9. Qd3 d4 10. a3 a5 11. e3 Bc5 12. exd4 Bxd4 13. Rd1 e5 14. Qe2 O-O
15. Nc3 Be6 16. Nb5 Qd7 17. Be3 Rfd8 18. c5 a4 19. Rac1 Bg4 20. Bf3 h5 21. Bxg4
Qxg4 22. Qxg4 hxg4 23. Bxd4 exd4 24. Kf1 Rd7 25. Nd6 Ra5 26. Rc4 b6 27. Ne4 b5
28. Rcc1 Rd5 29. Nd6 g6 30. Ke2 Kg7 31. Kd3 f5 32. Re1 b4 33. Nb7 Ra7 34. Kc4
Re5 35. Nd6 bxa3 36. bxa3 Rae7 37. Rxe5 Rxe5 38. Kb5 Nd8 39. Kb6 Rd5 40. Nb5 d3
41. c6 d2 42. Rd1 Nxc6 43. Kxc6 Rd3 44. Kc5 Kf6 45. Kc4 Rd8 46. Nd4 Rc8+ 47.
Kd3 Rh8 48. Rxd2 Rxh2 49. Kc4 f4 50. Re2 g5 51. Kb4 Rg2 52. Kxa4 fxg3 53. fxg3
Rxg3 54. Re6+ Kf7 55. Re4 Kg6 56. Kb4 Kh5 57. Nf5 Rf3 58. Nd4 Rh3 59. Ne2 g3
60. a4 g2 61. a5 Rh1 62. a6 g1=Q 63. Nxg1 Rxg1 64. Kb5 Rb1+ 65. Rb4 Ra1 66. Ra4
Rb1+ 67. Kc6 Rb8 68. a7 Ra8 69. Kb7 Rf8 70. a8=Q Rxa8 71. Rxa8 Kg4 72. Kc6 Kf3
73. Rf8+ Ke3 74. Rg8 Kf4 75. Kd5 g4 76. Kd4 Kf3 77. Kd3 g3 78. Rf8+ Kg2 79. Ke2
Kh1 80. Rh8+ Kg1 81. Kf3 g2 82. Rg8 Kh1 83. Kf2 1-0

[Event "Mondiale Lampo FIDE 2024"]
[Site "New York"]
[Date "31.15.08"]
[Round "5.8"]
[White "So, Wesley"]
[Black "Murzin, Volodar"]
[Result "1-0"]
[WhiteElo "2747"]
[BlackElo "2664"]
[PlyCount "79"]
[EventDate "31.15.08"]

1. d4 Nf6 2. c4 c6 3. Nc3 d5 4. cxd5 cxd5 5. Bf4 Nc6 6. e3 a6 7. Rc1 Bf5 8. Nf3
e6 9. Be2 Be7 10. O-O O-O 11. Na4 Nd7 12. a3 Rc8 13. b4 b5 14. Nc5 Nxc5 15.
dxc5 Qd7 16. Qb3 Bf6 17. Rfd1 Qb7 18. h3 Rfd8 19. Bg5 Bxg5 20. Nxg5 h6 21. Nf3
Bg6 22. Nd4 Ne5 23. a4 Nc4 24. axb5 axb5 25. Ra1 Ra8 26. Qc3 Be4 27. Rxa8 Rxa8
28. Ra1 Rd8 29. f3 Bg6 30. Bxc4 dxc4 31. Ra5 Qc7 32. Rxb5 e5 33. Ne2 Rd1+ 34.
Kf2 Bd3 35. Ra5 e4 36. Ra1 Bxe2 37. Kxe2 Rd3 38. Qxc4 Qd8 39. Qxe4 Rd2+ 40. Kf1
1-0

[Event "Mondiale Lampo FIDE 2024"]
[Site "New York"]
[Date "31.15.08"]
[Round "6.4"]
[White "Aronian, Levon"]
[Black "So, Wesley"]
[Result "1/2-1/2"]
[WhiteElo "2747"]
[BlackElo "2747"]
[PlyCount "33"]
[EventDate "31.15.08"]

1. e4 e5 2. Nf3 Nc6 3. Bc4 Nf6 4. d3 Bc5 5. Nc3 O-O 6. Be3 Bb6 7. Nd5 Nxd5 8.
Bxd5 d6 9. O-O Ne7 10. Bb3 Ng6 11. h3 Be6 12. d4 Qe7 13. Re1 Rad8 14. Bxe6 Qxe6
15. a4 exd4 16. Bxd4 d5 17. exd5 1/2-1/2

[Event "Mondiale Lampo FIDE 2024"]
[Site "New York"]
[Date "31.15.08"]
[Round "7.5"]
[White "So, Wesley"]
[Black "Sarana, Alexey"]
[Result "1-0"]
[WhiteElo "2747"]
[BlackElo "2674"]
[PlyCount "139"]
[EventDate "31.15.08"]

1. d4 Nf6 2. c4 e6 3. Nc3 Bb4 4. Qc2 d5 5. a3 Bxc3+ 6. Qxc3 O-O 7. cxd5 exd5 8.
Bg5 h6 9. Bh4 Bf5 10. Qf3 Be4 11. Bxf6 gxf6 12. Qf4 Kg7 13. f3 Bg6 14. h4 h5
15. Nh3 Nd7 16. Qd2 Nb6 17. e3 Qd6 18. Nf4 Rfe8 19. Kf2 c5 20. dxc5 Qxc5 21.
Rc1 Qd6 22. Qd4 Rac8 23. Bb5 Red8 24. a4 Nc4 25. Rhd1 Qb4 26. Kg3 a6 27. Bxc4
dxc4 28. Nd5 Qd6+ 29. Kf2 b5 30. axb5 axb5 31. e4 Qe5 32. Qxe5 fxe5 33. Ke3 Ra8
34. Nc7 Rxd1 35. Rxd1 Ra2 36. Rd2 b4 37. Nd5 b3 38. Nc3 Ra1 39. Rd1 Ra7 40. g3
f6 41. f4 Bf7 42. f5 Kg8 43. Rd8+ Kg7 44. Rd6 Ra1 45. Rd1 Ra8 46. Kd2 Ra7 47.
Nd5 Bxd5 48. exd5 Kf7 49. Kc3 Ra4 50. d6 Ke8 51. d7+ Kd8 52. Rd6 e4 53. Rxf6
Kxd7 54. Re6 Ra5 55. Rxe4 Rxf5 56. Kxc4 Rf3 57. Rd4+ Ke6 58. Rd3 Rxd3 59. Kxd3
Kf5 60. Ke3 Ke5 61. Kf3 Kf5 62. g4+ hxg4+ 63. Kg3 Ke4 64. h5 Kf5 65. h6 Kg6 66.
Kxg4 Kxh6 67. Kf5 Kg7 68. Ke4 Kf6 69. Kd5 Ke7 70. Kc4 1-0

[Event "Mondiale Lampo FIDE 2024"]
[Site "New York"]
[Date "31.15.08"]
[Round "8.3"]
[White "Praggnanandhaa, R."]
[Black "So, Wesley"]
[Result "0-1"]
[WhiteElo "2737"]
[BlackElo "2747"]
[PlyCount "164"]
[EventDate "31.15.08"]

1. d4 Nf6 2. Bf4 e6 3. e3 d5 4. Nf3 c5 5. Be2 Bd6 6. dxc5 Bxc5 7. O-O O-O 8. c4
dxc4 9. Bxc4 a6 10. Qxd8 Rxd8 11. Nbd2 b5 12. Be2 Bb7 13. Rac1 Nbd7 14. Nb3 Bb6
15. Bc7 Bxc7 16. Rxc7 Bd5 17. Rfc1 Bxb3 18. axb3 Nd5 19. Rb7 Rab8 20. Ra7 Ra8
21. Rxa8 Rxa8 22. Nd4 Kf8 23. Bf3 N7f6 24. e4 Nb4 25. e5 Nfd5 26. Bxd5 Nxd5 27.
g3 Rd8 28. Ne2 Nb4 29. Rc7 Nd3 30. f4 g5 31. Ra7 gxf4 32. gxf4 Nb4 33. Ng3 Kg7
34. f5 exf5 35. e6 Kf6 36. exf7 Rf8 37. Kg2 Rxf7 38. Rxf7+ Kxf7 39. Nxf5 Ke6
40. Ng3 Nd3 41. Kf3 Nc5 42. Ke3 Nxb3 43. Ne4 Ke5 44. Ng5 h5 45. Nf3+ Kf5 46. h3
a5 47. Nh4+ Kg5 48. Nf3+ Kf5 49. Nh4+ Ke5 50. Ng6+ Kf6 51. Nf4 Kg5 52. Ng2 a4
53. Kd3 Na5 54. Kc3 Nc6 55. Kd3 Kf5 56. Ke3 b4 57. Kd3 b3 58. Ne3+ Kf4 59. Nd5+
Kg3 60. Nb6 Kxh3 61. Nxa4 h4 62. Nc5 Kg2 63. Ne6 Kg3 64. Ng5 Ne5+ 65. Kc3 Nf3
66. Ne4+ Kg2 67. Nf6 h3 68. Ng4 Ne5 69. Nxe5 h2 70. Kxb3 h1=Q 71. Kc3 Qh8 72.
Kd4 Kg3 73. Kd5 Qb8 74. Nc4 Qb4 75. Kd4 Kf4 76. Kd5 Kf3 77. Ne5+ Ke2 78. Nc4
Kd3 79. Ne5+ Kc2 80. Nc4 Kb3 81. Ne5 Qb5+ 82. Kd4 Kxb2 0-1

[Event "Mondiale Lampo FIDE 2024"]
[Site "New York"]
[Date "31.15.08"]
[Round "9.2"]
[White "So, Wesley"]
[Black "Caruana, Fabiano"]
[Result "1/2-1/2"]
[WhiteElo "2747"]
[BlackElo "2805"]
[PlyCount "52"]
[EventDate "31.15.08"]

1. d4 Nf6 2. c4 e6 3. Nc3 Bb4 4. Qc2 O-O 5. e4 d5 6. e5 Ne4 7. Bd3 c5 8. cxd5
exd5 9. Nf3 Nc6 10. O-O Bxc3 11. bxc3 Bf5 12. dxc5 Bg6 13. Be3 Qe7 14. Rab1
Rac8 15. c4 Nxe5 16. Nxe5 Qxe5 17. cxd5 Qxd5 18. Qb3 Qxb3 19. Rxb3 Nxc5 20.
Bxc5 Bxd3 21. Bxf8 Bxf1 22. Bxg7 Kxg7 23. Kxf1 b6 24. g3 Rc2 25. Ra3 a5 26. Rb3
Rxa2 1/2-1/2

[Event "Mondiale Lampo FIDE 2024"]
[Site "New York"]
[Date "31.15.08"]
[Round "10.1"]
[White "So, Wesley"]
[Black "Carlsen, Magnus"]
[Result "1/2-1/2"]
[WhiteElo "2747"]
[BlackElo "2831"]
[PlyCount "41"]
[EventDate "31.15.08"]

1. d4 d5 2. c4 e6 3. Nc3 Nf6 4. Bg5 Be7 5. e3 h6 6. Bh4 O-O 7. Nf3 Nbd7 8. Qc2
c5 9. cxd5 Nxd5 10. Bxe7 Nxe7 11. Be2 b6 12. O-O Bb7 13. Rfd1 Qb8 14. dxc5 Nxc5
15. b4 Na6 16. a3 Nc7 17. Ne5 Ncd5 18. Nxd5 Nxd5 19. Qb2 Rc8 20. Rac1 Rxc1 21.
Rxc1 1/2-1/2

[Event "Mondiale Lampo FIDE 2024"]
[Site "New York"]
[Date "31.15.08"]
[Round "11.4"]
[White "Sevian, Samuel"]
[Black "So, Wesley"]
[Result "1/2-1/2"]
[WhiteElo "2696"]
[BlackElo "2747"]
[PlyCount "35"]
[EventDate "31.15.08"]

1. c4 e6 2. Nc3 d5 3. d4 c5 4. cxd5 exd5 5. Nf3 Nc6 6. g3 Nf6 7. Bg2 cxd4 8.
Nxd4 Bc5 9. Nb3 Bb6 10. O-O d4 11. Na4 O-O 12. Nxb6 axb6 13. Bg5 h6 14. Bxf6
Qxf6 15. Bxc6 bxc6 16. Qxd4 Rd8 17. Qxf6 gxf6 18. Rfd1 1/2-1/2

[Event "Mondiale Lampo FIDE 2024"]
[Site "New York"]
[Date "31.15.08"]
[Round "12.5"]
[White "Giri, Anish"]
[Black "So, Wesley"]
[Result "0-1"]
[WhiteElo "2733"]
[BlackElo "2747"]
[PlyCount "108"]
[EventDate "31.15.08"]

1. e4 e5 2. Nf3 Nc6 3. Bb5 Nf6 4. d3 Bc5 5. Bxc6 dxc6 6. O-O Nd7 7. h3 O-O 8.
Nc3 f6 9. Be3 Rf7 10. Ne2 Bf8 11. Nd2 Nc5 12. f4 exf4 13. Nxf4 Ne6 14. Ne2 c5
15. b3 a5 16. a4 b6 17. Qe1 g6 18. Rd1 Bg7 19. Nf3 Qd7 20. Nf4 Nd4 21. Nxd4
cxd4 22. Bd2 Bb7 23. Qg3 f5 24. exf5 Rxf5 25. Ne2 Rc5 26. Rc1 Qc6 27. Qg4 Re8
28. Rf2 Rxc2 29. Rxc2 Qxc2 30. Qd7 Qc6 31. Qf7+ Kh8 32. Nf4 Rf8 33. Qe7 Re8 34.
Qf7 Bc8 35. h4 Qd7 36. Qxd7 Bxd7 37. Nd5 Be5 38. Bf4 Bxf4 39. Rxf4 c5 40. Nxb6
Bf5 41. Nc4 Bxd3 42. Nxa5 Bc2 43. b4 d3 44. Nc4 cxb4 45. a5 b3 46. Rd4 Rc8 47.
a6 Rxc4 48. Rxc4 b2 49. Rc8+ Kg7 50. a7 b1=Q+ 51. Kh2 Qb7 52. a8=Q Qxa8 53.
Rxa8 d2 54. Rd8 d1=Q 0-1

[Event "Mondiale Lampo FIDE 2024 - Quarti"]
[Site "New York"]
[Date "31.15.08"]
[Round "1.1"]
[White "So, Wesley"]
[Black "Firouzja, Alireza"]
[Result "1/2-1/2"]
[WhiteElo "2747"]
[BlackElo "2763"]
[PlyCount "109"]
[EventDate "31.15.08"]

1. d4 d5 2. c4 e6 3. Nc3 c5 4. cxd5 exd5 5. Nf3 Nc6 6. g3 Nf6 7. Bg2 cxd4 8.
Nxd4 Bc5 9. Nb3 Bb6 10. O-O d4 11. Na4 O-O 12. Nxb6 axb6 13. Bg5 h6 14. Bxf6
Qxf6 15. Bxc6 bxc6 16. Qxd4 Rd8 17. Qxf6 gxf6 18. Rfc1 Be6 19. Kf1 Ra4 20. Ke1
Rda8 21. Rc3 Rxa2 22. Rxa2 Rxa2 23. Nc1 Rxb2 24. Rxc6 b5 25. Nd3 Rb1+ 26. Rc1
Rxc1+ 27. Nxc1 Bc4 28. Kd2 f5 29. Nd3 Kg7 30. Kc3 Kf6 31. Kd4 Ke6 32. Nf4+ Kd6
33. h4 Ba2 34. e3 Bc4 35. Nh5 Ke6 36. Ng7+ Kf6 37. Ne8+ Ke7 38. Nc7 Kd6 39.
Ne8+ Ke7 40. Nc7 Kd6 41. Na6 Bf1 42. Nb4 Bc4 43. Na6 Bf1 44. Nc5 Bc4 45. Nb7+
Ke6 46. Nd8+ Kd7 47. Nb7 Ke6 48. Nc5+ Kd6 49. f4 Kc6 50. Na6 Kb6 51. Nb4 Be6
52. Nd3 Kc6 53. Nb4+ Kb6 54. Nd3 Kc6 55. Nb4+ 1/2-1/2

[Event "Mondiale Lampo FIDE 2024 - Quarti"]
[Site "New York"]
[Date "31.15.08"]
[Round "1.2"]
[White "Firouzja, Alireza"]
[Black "So, Wesley"]
[Result "1/2-1/2"]
[WhiteElo "2763"]
[BlackElo "2747"]
[PlyCount "79"]
[EventDate "31.15.08"]

1. e4 e5 2. Nf3 Nc6 3. Bc4 Nf6 4. d3 Bc5 5. c3 O-O 6. O-O d6 7. Re1 h6 8. h3 a5
9. Bb3 Ba7 10. Nbd2 b5 11. a4 b4 12. Bc4 Ne7 13. d4 exd4 14. cxd4 d5 15. e5 Nd7
16. Bf1 c5 17. dxc5 Nxc5 18. Nd4 Ne4 19. Nxe4 dxe4 20. Nb5 Qxd1 21. Rxd1 Bb6
22. Nd6 Be6 23. Nxe4 Ng6 24. Be3 Bxe3 25. fxe3 Nxe5 26. Nc5 Rfd8 27. Bb5 Bc4
28. Rd4 Bxb5 29. axb5 Rxd4 30. exd4 Nc4 31. Na4 Nd6 32. b6 Rc8 33. Nc5 Rb8 34.
Rxa5 Rxb6 35. Ra8+ Kh7 36. Nd7 Rc6 37. Nf8+ Kg8 38. Nd7+ Kh7 39. Nf8+ Kg8 40.
Nd7+ 1/2-1/2

[Event "Mondiale Lampo FIDE 2024 - Quarti"]
[Site "New York"]
[Date "31.15.08"]
[Round "1.3"]
[White "So, Wesley"]
[Black "Firouzja, Alireza"]
[Result "1-0"]
[WhiteElo "2747"]
[BlackElo "2763"]
[PlyCount "147"]
[EventDate "31.15.08"]

1. c4 c5 2. g3 Nf6 3. Bg2 Nc6 4. Nf3 d5 5. cxd5 Nxd5 6. d4 cxd4 7. Nxd4 Ndb4 8.
Nxc6 Qxd1+ 9. Kxd1 Nxc6 10. Nc3 Bd7 11. Be3 g6 12. Rc1 Bg7 13. f4 O-O 14. Ke1
Rac8 15. Kf2 Be6 16. Rhd1 h5 17. b3 Nb4 18. Bd4 Rfd8 19. Bxg7 Rxd1 20. Rxd1
Kxg7 21. Rc1 b6 22. a3 Nd5 23. Bxd5 Bxd5 24. b4 Be6 25. e4 a5 26. bxa5 bxa5 27.
Ne2 Rb8 28. Nd4 Bg4 29. Ke3 e6 30. e5 h4 31. gxh4 Rh8 32. Kf2 Rb8 33. Kg3 Bh5
34. Rc5 a4 35. Rc7 Kg8 36. Rc4 Bd1 37. Rc1 Bh5 38. Rc4 Bd1 39. Kf2 Rb2+ 40. Kg3
Ra2 41. Rc3 Bb3 42. Nb5 Bd5 43. h5 gxh5 44. Nd6 Rg2+ 45. Kh3 Rb2 46. Rc8+ Kg7
47. Rc7 Rb3+ 48. Kh4 Rxa3 49. Rxf7+ Kg8 50. Ra7 Ra1 51. Kg5 a3 52. Kf6 a2 53.
Rg7+ Kf8 54. Rc7 Bb7 55. Rf7+ Kg8 56. Rg7+ Kf8 57. Rf7+ Kg8 58. Rg7+ Kf8 59.
Re7 Bc6 60. Rc7 Bb7 61. Nxb7 Kg8 62. Nd6 Rg1 63. Rc8+ Kh7 64. Rc7+ Kg8 65. Rc8+
Kh7 66. Ra8 a1=Q 67. Rxa1 Rxa1 68. Kxe6 Rh1 69. f5 Rxh2 70. f6 Rf2 71. f7 Kg7
72. Ke7 Rxf7+ 73. Nxf7 Kg6 74. e6 1-0

[Event "Mondiale Lampo FIDE 2024 - Quarti"]
[Site "New York"]
[Date "31.15.08"]
[Round "1.4"]
[White "Firouzja, Alireza"]
[Black "So, Wesley"]
[Result "0-1"]
[WhiteElo "2763"]
[BlackElo "2747"]
[PlyCount "121"]
[EventDate "31.15.08"]

1. e4 e5 2. Nf3 Nc6 3. Bc4 Nf6 4. d3 Be7 5. O-O O-O 6. Nc3 d6 7. a4 Na5 8. Ba2
c5 9. Bg5 Nc6 10. Bxf6 Bxf6 11. Nd5 g6 12. c3 Bg7 13. Qd2 Bg4 14. Qe3 Rc8 15.
h3 Be6 16. Rfc1 Ne7 17. Nxe7+ Qxe7 18. Bxe6 Qxe6 19. b4 b6 20. a5 d5 21. axb6
axb6 22. bxc5 Rxc5 23. Ra7 h6 24. h4 Rfc8 25. exd5 Rxd5 26. h5 gxh5 27. c4 Rd6
28. Re1 Rcd8 29. Ra3 Qf5 30. Nh4 Qg5 31. g3 Qxe3 32. Rxe3 f6 33. Nf5 R6d7 34.
Rb3 Bf8 35. Rf3 Rb8 36. Ne3 Kg7 37. Nd5 Rd6 38. Rb5 Kg6 39. Kg2 Rc6 40. Rb1 Ra8
41. Rxb6 Rxb6 42. Nxb6 Rd8 43. Nd5 f5 44. Re3 Bd6 45. f4 exf4 46. gxf4 Kf7 47.
d4 Rg8+ 48. Kh3 Rg4 49. c5 Bxf4 50. Re7+ Kf8 51. c6 Rg3+ 52. Kh4 Rg4+ 53. Kxh5
Rg5+ 54. Kh4 Rg4+ 55. Kh3 Rg3+ 56. Kh2 Re3+ 57. Nxf4 Rxe7 58. d5 Re4 59. c7 Rc4
60. d6 Ke8 61. Nd5 0-1

[Event "Mondiale Lampo FIDE 2024 - Semifinali"]
[Site "New York"]
[Date "31.15.08"]
[Round "2.1"]
[White "Nepomniachtchi, Ian"]
[Black "So, Wesley"]
[Result "0-1"]
[WhiteElo "2755"]
[BlackElo "2747"]
[PlyCount "170"]
[EventDate "31.15.08"]

1. e4 e5 2. Nf3 Nc6 3. Bc4 Nf6 4. d3 Bc5 5. Nc3 O-O 6. h3 d6 7. Na4 Bb6 8. a3
Ne7 9. O-O Ng6 10. b4 Re8 11. Re1 h6 12. Bb3 Be6 13. Bxe6 Rxe6 14. c4 c6 15.
Nxb6 axb6 16. a4 d5 17. Qb3 d4 18. c5 b5 19. Bd2 bxa4 20. Rxa4 Ne8 21. Rea1
Rxa4 22. Rxa4 Nc7 23. Qa2 Re8 24. Nh2 Nb5 25. Ra5 Qd7 26. Nf1 Kh7 27. Ng3 Nf8
28. Nf5 Ne6 29. Qb3 h5 30. Qd1 g6 31. Nh4 Kg7 32. Qc1 f6 33. Kh2 Kf7 34. Kh1
Rc8 35. Ra1 Qe8 36. Qc4 Ra8 37. Ra2 Rxa2 38. Qxa2 Ke7 39. Qa5 Kd7 40. g3 Ng7
41. Kg2 g5 42. Nf3 Ne6 43. Be1 h4 44. Nd2 hxg3 45. fxg3 Qh5 46. Nf3 g4 47. hxg4
Qxg4 48. Kf2 Ng5 49. Nxg5 Qxg5 50. Qa8 Qe3+ 51. Kg2 Qxe1 52. Qxb7+ Nc7 53. b5
Qe2+ 54. Kh3 cxb5 55. Qb6 Qh5+ 56. Kg2 Qf7 57. Qd6+ Kc8 58. c6 Qe6 59. Qf8+ Qe8
60. Qxf6 b4 61. Qd6 b3 62. Qb4 Qxc6 63. Qxb3 Qc3 64. Qb1 Kd7 65. Kh3 Qc6 66.
Kg2 Qb5 67. Qd1 Ne6 68. Qf3 Kd6 69. Kh2 Qb2+ 70. Kg1 Qc1+ 71. Kh2 Qd2+ 72. Kh1
Qe3 73. Qf1 Qg5 74. Kh2 Qh6+ 75. Kg2 Qg7 76. Kh2 Qf8 77. Qe1 Qf3 78. Qb4+ Kd7
79. Qb5+ Ke7 80. Qxe5 Qxd3 81. Qd5 Qe2+ 82. Kh3 Qf1+ 83. Kh2 Qf2+ 84. Kh3 Qe3
85. e5 Nf4+ 0-1

[Event "Mondiale Lampo FIDE 2024 - Semifinali"]
[Site "New York"]
[Date "31.15.08"]
[Round "2.2"]
[White "So, Wesley"]
[Black "Nepomniachtchi, Ian"]
[Result "1/2-1/2"]
[WhiteElo "2747"]
[BlackElo "2755"]
[PlyCount "76"]
[EventDate "31.15.08"]

1. d4 Nf6 2. c4 e6 3. Nc3 Bb4 4. Qc2 c5 5. dxc5 O-O 6. a3 Bxc5 7. Nf3 d5 8. Bg5
dxc4 9. e3 h6 10. Rd1 Nbd7 11. Bh4 Qc7 12. Bxc4 a6 13. O-O b5 14. Ba2 Bb7 15.
Bb1 Rfd8 16. b4 Bb6 17. Bg3 Qc6 18. Rd6 Qc8 19. Rfd1 Bc7 20. R6d2 Nf8 21. Bxc7
Qxc7 22. Ne4 Qxc2 23. Nxf6+ gxf6 24. Bxc2 Rdc8 25. Nd4 Bd5 26. e4 Bc4 27. f3
Ng6 28. Kf2 a5 29. g3 axb4 30. axb4 Ra3 31. f4 Ne7 32. Bd3 Ra4 33. Bxc4 bxc4
34. Rb1 c3 35. Rc2 Rc4 36. Ke3 Rcxb4 37. Rxb4 Rxb4 38. Rxc3 Ra4 1/2-1/2

[Event "Mondiale Lampo FIDE 2024 - Semifinali"]
[Site "New York"]
[Date "31.15.08"]
[Round "2.3"]
[White "Nepomniachtchi, Ian"]
[Black "So, Wesley"]
[Result "1-0"]
[WhiteElo "2755"]
[BlackElo "2747"]
[PlyCount "83"]
[EventDate "31.15.08"]

1. c4 e6 2. Nc3 d5 3. d4 c5 4. cxd5 exd5 5. Nf3 Nc6 6. g3 Nf6 7. Bg2 cxd4 8.
Nxd4 Bc5 9. Nb3 Bb6 10. Nxd5 Be6 11. Nxb6 Qxd1+ 12. Kxd1 axb6 13. Kc2 O-O 14.
Bxc6 bxc6 15. f3 Bf5+ 16. Kd2 Rfd8+ 17. Ke3 Be6 18. Nd4 Bc4 19. b3 c5 20. bxc4
Rxd4 21. Rb1 Rxc4 22. Rd1 Rc2 23. Kf2 h5 24. a3 Re8 25. Rd2 Rxd2 26. Bxd2 Nd7
27. Bf4 Ra8 28. Rd1 Nf8 29. Rd6 Ne6 30. Be3 Rb8 31. f4 g6 32. h3 Kf8 33. Rd7
Ke8 34. Ra7 b5 35. g4 hxg4 36. hxg4 b4 37. f5 gxf5 38. gxf5 Nd4 39. axb4 Rxb4
40. f6 Ne6 41. Re7+ Kd8 42. Rxe6 1-0

[Event "Mondiale Lampo FIDE 2024 - Semifinali"]
[Site "New York"]
[Date "31.15.08"]
[Round "2.4"]
[White "So, Wesley"]
[Black "Nepomniachtchi, Ian"]
[Result "1/2-1/2"]
[WhiteElo "2747"]
[BlackElo "2755"]
[PlyCount "43"]
[EventDate "31.15.08"]

1. d4 Nf6 2. c4 e6 3. Nc3 Bb4 4. Qc2 c5 5. dxc5 O-O 6. a3 Bxc5 7. Nf3 Nc6 8.
Bg5 h6 9. Bh4 Be7 10. Rd1 d5 11. Bxf6 Bxf6 12. cxd5 Bxc3+ 13. Qxc3 exd5 14. e3
Bg4 15. Be2 Rc8 16. O-O Qb6 17. h3 d4 18. exd4 Bxf3 19. Bxf3 Ne5 20. Qe3 Nxf3+
21. Qxf3 Qxb2 22. d5 1/2-1/2

[Event "Mondiale Lampo FIDE 2024 - Semifinali"]
[Site "New York"]
[Date "31.15.08"]
[Round "2.5"]
[White "Nepomniachtchi, Ian"]
[Black "So, Wesley"]
[Result "1-0"]
[WhiteElo "2755"]
[BlackElo "2747"]
[PlyCount "75"]
[EventDate "31.15.08"]

1. e4 e5 2. Nf3 Nc6 3. Bc4 Nf6 4. d3 Bc5 5. Nc3 O-O 6. h3 d6 7. Na4 Bb6 8. a3
Ne7 9. O-O Ng6 10. Re1 Re8 11. b4 h6 12. Bd2 c6 13. Nxb6 axb6 14. a4 Be6 15.
Bxe6 Rxe6 16. c4 Qd7 17. Be3 b5 18. axb5 Rxa1 19. Qxa1 cxb5 20. Nd2 bxc4 21.
dxc4 Nh5 22. Qd1 Ngf4 23. Kh2 Rg6 24. g4 Rf6 25. c5 d5 26. Nf3 g5 27. exd5 e4
28. Ne5 Qe8 29. Qd4 Ng7 30. d6 Qd8 31. Qxe4 Nge6 32. Qxb7 h5 33. Nc6 Qf8 34.
Qb8 hxg4 35. Bxf4 Rxf4 36. Qxf8+ Kxf8 37. Rxe6 fxe6 38. d7 1-0